Riconosci il Pokémon - Quiz n°733 - Statistics

Statistiche generali
  • Questo quiz è stato fatto 5 volte
  • Il punteggio medio è 8 su 10
Statistiche sulle risposte
Indizio Riposta % Corretto
Altezza 3,3 m
100%
Tipo Erba
100%
Generazione Quinta
100%
Stadio evoluzione Seconda evoluzione
100%
Tasso di cattura 45 (11.9%)
75%
Peso 63,0 kg
75%
Sesso 87.5% ♂, 12.5% ♀
75%
Abilità Erbaiuto; Inversione
75%
Tasso di allevamento Medio-Lento
50%
Pokémon Serperior
50%
Nessun quiz corrispondente trovato
Distribuzione punteggi
Percentuale di utenti per punteggio
Percentile per numero di risposta
I tuoi punteggi nel tempo
Non hai fatto questo quiz